LEADER 01750nam a2200385 u 4500 001 000000048739 003 CaOOAMICUS 005 20140303154527.0 008 000526s2000 it af u000 u ita u 020 $a8817862010 035 $a10848571 040 $aISV$bita$dBSR 100 1 $aFrugoni, Chiara,$d1940-2022.$0(OLS)http://pul/name/7382 245 10$aDue papi per un giubileo :$bCelestino V, Bonifacio VIII e il primo Anno Santo /$cChiara Frugoni. 260 $aMilano :$bRizzoli,$c2000. 300 $a260 p., [16] p. of plates :$bill. ;$c19 cm 504 $aIncludes bibliographical references. 600 04$aBonifacius PP.$bVIII,$dc. 1230-1303.$0(OLS)http://pul/subject/1810 600 04$aCoelestinus, PP.$bV,$cs.,$d1215-1296.$0(OLS)http://pul/subject/4194 650 4$aGiubilei cristiani$y1300.$0(OLS)http://pul/subject/4112 850 $aPUL 852 $aPUL$W1$xSL Filosofia 1$y2$m114 B 62$j64868$nBK-PRI$b $qStampati$B64868$CPULBib$Z2$F64868 $H $81 941 1 $a8 960 $aPapi (1294-1303 : Bonifacius PP. VIII)$91810 960 $aPapi (1294-1303 : Bonifacius PP. VIII)$91810 960 $aBonifacio$bVIII,$cpapa,$dc. 1230-1303$91810 960 $aCaetani, Benedetto,$dc. 1230-1303$91810 960 $aCelestino$bV,$cpapa, s.,$d1212-1296$94194 960 $aPietro da Morrone,$d1215-1296$94194 960 $aAngeleri, Pietro,$d1215-1296$94194 960 $aPapi (1215-1294 : Coelestinus PP. V)$94194 961 $aINV: 82162 996 $6020$a8817862010$9(OLS)http://pul/number/61426 996 $6245$aDue papi per un giubileo :$bCelestino V, Bonifacio VIII e il primo Anno Santo$9(OLS)http://pul/title/65685 996 $6260$aMilano :$bRizzoli$9(OLS)http://pul/publisher/48712 LEADER 01743nam a2200325 a 4500 001 000000149565 003 CaOOAMICUS 005 20160222091010.0 008 160222s2015 vc u000 u ita r 020 $a978-88-209-9614-7* 032 $aLibriCat 040 $aPUL$bita 082 04$a261.8 110 2 $aPontificio consiglio della giustizia e della pace.$bAssemblea plenaria$n(28 :$d2014).$0(OLS)http://pul/name/95340 245 13$aLa dimensione sociale della fede oggi : $b"Caritas in veritate" e "Evangelii gaudium", testi della XXVIII Assemblea plenaria del Pontificio Consiglio della giustizia e della pace. 260 $aCittą del Vaticano :$bLibreria editrice vaticana,$c©2015. 300 $a95 p. ;$c21 cm. 504 $aBibliografia in nota. 610 24$aPapi (2005-2013 : Benedictus XVI)$tCaritas in veritate.$0(OLS)http://pul/subject/38365 610 24$aPapi (2013-2025 : Franciscus)$tEvangelii Gaudium.$0(OLS)http://pul/subject/41351 650 4$aDottrina sociale della Chiesa.$0(OLS)http://pul/subject/33229 850 $aPUL 852 $aPUL$W1$xSL Religione 3$y85$m261. 8 PCGP 13$j172223$qDDC 21$B173848$CPULBib$Z2$F173848 $H127150 $81 941 1 $a9 960 $aDottrina sociale cristiana$933229 996 $6020$a978-88-209-9614-7*$9(OLS)http://pul/number/159797 996 $6082$a261.8$9(OLS)http://pul/classification/367 996 $6245$aLa dimensione sociale della fede oggi : $b"Caritas in veritate" e "Evangelii gaudium", testi della XXVIII Assemblea plenaria del Pontificio Consiglio della giustizia e della pace$9(OLS)http://pul/title/188569 996 $6260$aCittą del Vaticano :$bLibreria editrice vaticana$9(OLS)http://pul/publisher/47920